Bilecik Bilecik Bilecik Bilecik Bilecik

Gençlik araştırmaları çalıştayı / (Record no. 45103)

MARC details
000 -BAŞLIK
Sabit Uzunluktaki Kontrol Alanı 01566nam a22004337a 4500
001 - KONTROL NUMARASI
Control Dosyası 0041895
003 - KONTROL NUMARASI KİMLİĞİ
Kontrol Alanı KOHA_MİRAKIL
005 - EN SON İŞLEM TARİHİ ve ZAMANI
Kontrol Alanı 20260207003436.0
007 - FİZİKSEL TANIM SABİT ALAN - GENEL BİLGİ
Sabit uzunluklu kontrol alanı ta
008 - SABİT UZUNLUKTAKİ VERİ ÖGELERİ - GENEL BİLGİ
Sabit Alan 131128b2013 tu |||gr||||#||||0|tur |
040 ## - KATALOGLAMA KAYNAĞI
Özgün Kataloglama Kurumu TR-BiSEU
Kataloglama Dili tur
Çeviri Kurumu TR-BiSEU
Açıklama Kuralları rda
041 0# - DİL KODU
Metin ya da ses kaydının dil kodu tur
044 ## - YAYINLAYAN/ÜRETEN KURULUŞUN ÜLKE KODU
ISO country code tu
050 ## - SINIFLAMA ve YER NUMARASI
Sınıflama Numarası LC273
Yer Numarası .G46 2013
111 2# - TOPLANTI ADI
Toplantı Adı Gençlik Araştırmaları Çalıştayı
9 (RLIN) 83223
245 1# - ESER ADI BİLDİRİMİ
Başlık Gençlik araştırmaları çalıştayı /
Sorumluluk Bildirimi editörler Levent Eraslan, Mehmet Bulut.
264 #1 - ÜRERİM, YAYIN, DAĞITIM ve TELİF BİLDİRİMİ
Yayın yeri Ankara :
Yayınlayan Gençlik ve Spor Bakanlığı
Yayın tarihi 2013
300 ## - FİZİKSEL TANIMLAMA
Sayfa, Cilt vb. 109 sayfa ;
Boyutları 24 cm.
336 ## - İÇERİK TÜRÜ
Content type term metin
Content type code txt
Source rdacontent
337 ## - MEDYA TÜRÜ
Media type term aracısız
Media type code n
Source rdamedia
338 ## - TAŞIYICI TÜRÜ
Carrier type term cilt
Carrier type code nc
Source rdacarrier
490 1# - DİZİ BİLDİRİMİ
Dizi Bildirimi Gençlik ve Spor Bakanlığı.
490 1# - DİZİ BİLDİRİMİ
Dizi Bildirimi Eğitim Kültür ve Araştırma yayın ;
Cilt Numarası No.
490 1# - DİZİ BİLDİRİMİ
Dizi Bildirimi 75.
490 1# - DİZİ BİLDİRİMİ
Dizi Bildirimi Gençlik Araştırmaları yayın ;
Cilt Numarası No.
490 1# - DİZİ BİLDİRİMİ
Dizi Bildirimi 2.
500 ## - GENEL NOT
Genel Not İçindekiler: Takdim - Katılımcılar - Açılış konuşmaları - Çalıştay ön sunumları - Komisyon sunumları - Kapanış sunumu/tartışma-katkılar - Sonuç bildirgesi
500 ## - GENEL NOT
Genel Not Türkçe
650 #0 - KONU BAŞLIĞI EK GİRİŞ - KONU TERİMİ
Konusal terim veya coğrafi ad Gençlik--Turkiye.
9 (RLIN) 83224
650 #0 - KONU BAŞLIĞI EK GİRİŞ - KONU TERİMİ
Konusal terim veya coğrafi ad Young generation--Turkey.
9 (RLIN) 83225
650 #0 - KONU BAŞLIĞI EK GİRİŞ - KONU TERİMİ
Konusal terim veya coğrafi ad Sosyal durum--Türkiye.
9 (RLIN) 23558
650 #0 - KONU BAŞLIĞI EK GİRİŞ - KONU TERİMİ
Konusal terim veya coğrafi ad Social situation--Turkey.
9 (RLIN) 83226
830 1# - SERİ EK GİRİŞİ - TEKBİÇİM ESER ADI
Tekbiçim Başlık Gençlik ve Spor Bakanlığı.
9 (RLIN) 83227
830 1# - SERİ EK GİRİŞİ - TEKBİÇİM ESER ADI
Tekbiçim Başlık Eğitim Kültür ve Araştırma yayın ;
Volume number/sequential designation No.
9 (RLIN) 83228
830 1# - SERİ EK GİRİŞİ - TEKBİÇİM ESER ADI
Tekbiçim Başlık 75.
9 (RLIN) 7339
830 1# - SERİ EK GİRİŞİ - TEKBİÇİM ESER ADI
Tekbiçim Başlık Gençlik Araştırmaları yayın ;
Volume number/sequential designation No.
9 (RLIN) 83229
830 1# - SERİ EK GİRİŞİ - TEKBİÇİM ESER ADI
Tekbiçim Başlık 2.
9 (RLIN) 5554
942 ## - EK GİRİŞ ÖGELERİ (KOHA)
Source of classification or shelving scheme Library of Congress Classification
Koha item type Book
Holdings
Materyal Türü Kalıcı Konum Mevcut Konum Raf Yeri Sınıflandırma Kaynağı Edinim Bilgisi Ana Konular Alt Konular Yer Numarası Demirbaş Numarası Fatura Tarihi Geri Çekilme Durumu Kayıp Durumu Hasarlı Durumu Kredi için değil Kayıt Tarih Toplam Ödünçverme Son Görülme Tarihi Son Kontrol Tarihi Genel / Bağış Notu
Book Prof. Dr. Azmi Özcan Kütüphanesi Prof. Dr. Azmi Özcan Kütüphanesi Uluğbey Salonu Library of Congress Classification Bağış EĞİTİM Eğitimin Özel Yönleri LC273 .G46 2013 0041895 02/02/2026         28/11/2013   05/12/2024 05/12/2024 Genel Bağış